| 000 | 01542cam a22004215a 4500 | ||
|---|---|---|---|
| 001 | L138447 | ||
| 008 | 070606s2007 xxk f 000 0 eng d | ||
| 020 | _a9781405725378 | ||
| 035 | _a(Sirsi) u138447 | ||
| 041 | 0 | _aeng | |
| 050 | 0 | 4 | _a346.41043 $2 18 |
| 245 | 0 | 0 | _aButterworths property law handbook |
| 250 | _a7th ed. | ||
| 260 |
_aLondon _bButterworths Law _c2007 |
||
| 300 |
_axiv, 1960p. _c25cm. |
||
| 350 | _a72 | ||
| 520 | _aThis classic reference text sets out the statutory materials relating to property in England and Wales. This seventh edition has been updated to include extracts from nine new statutes and four new statutory instruments. | ||
| 521 | 2 | _aAdvanced | |
| 590 | _aKA | ||
| 650 | 2 | 4 | _aCIVIL PARTNERSHIP ACT 2004 |
| 650 | 2 | 4 | _aCLEAN NEIGHBOURHOODS AND ENVIRONMENT ACT 2005 |
| 650 | 2 | 4 | _aMENTAL CAPACITY ACT 2005 |
| 650 | 2 | 4 | _aCHARITIES ACT 2006 |
| 650 | 2 | 4 | _aCOMMONS ACT 2006 |
| 650 | 2 | 4 | _aCOMPANIES ACT 2006 |
| 650 | 2 | 4 | _aEQUALITY ACT 2006 |
| 650 | 2 | 4 | _aFRAUD ACT 2006 |
| 650 | 2 | 4 | _aTRIBUNALS, COURTS AND ENFORCEMENT ACT 2007 |
| 650 | 2 | 4 | _aLAND REGISTRATION FEE ORDER 2006 |
| 650 | 2 | 4 | _aHOME INFORMATION PACK (NO.2) REGULATIONS 2007 |
| 650 | 2 | 4 | _aRIGHTS OF WAY (HEARINGS AND INQUIRIES PROCEDURE) (ENGLAND) RULES 2007 |
| 650 | 2 | 4 | _aLASTING POWERS OF ATTORNEY, ENDURING POWERS OF ATTORNEY AND PUBLIC GUARDIAN REGULATIONS 2007 |
| 651 | 4 |
_aEngland and Wales _y1543- |
|
| 690 | _aPROPERTY | ||
| 700 | 1 |
_aWicks, Joanne _eEditor |
|
| 700 | 1 |
_aDavey, Jonathan _eEditor |
|
| 942 | _n0 | ||
| 999 |
_c107169 _d107169 |
||